[Event "Heusenstamm Sparkassen op-A 9th"]
[Site "Heusenstamm"]
[Date "2023.11.26"]
[Round "6"]
[White "Wenzel, Calvin"]
[Black "Bender, Tim"]
[Result "1/2-1/2"]
[WhiteElo "1993"]
[BlackElo "1669"]
[PlyCount "70"]
[EventDate "2023.11.23"]
[EventType "swiss"]
[EventRounds "7"]
[EventCountry "GER"]
[SourceTitle "CBM 217 Extra"]
[Source "ChessBase"]
[SourceDate "2024.01.31"]
[SourceVersion "1"]
[SourceVersionDate "2024.01.31"]
[SourceQuality "1"]

1. e4 d6 2. d4 Nf6 3. Nc3 g6 4. f4 Bg7 5. Nf3 0-0 6. e5 dxe5 7. fxe5 Nd5 8. Bc4 Nxc3 9. bxc3 c5 10. d5 Qa5 11. Bd2 b5 12. Bd3 c4 13. Be4 Bb7 14. Qe2 Nd7 15. 0-0 Nc5 16. Ng5 h6 17. Nxf7 Nxe4 18. Qxe4 Rxf7 19. Rxf7 Kxf7 20. Be3 Qxc3 21. Bd4 Qd2 22. e6+ Kg8 23. Bxg7 Qxd5 24. Qxg6 Qxg2+ 25. Qxg2 Bxg2 26. Bxh6 Bh3 27. Re1 Kh7 28. Bf4 Rf8 29. Re3 Bf5 30. c3 Rf6 31. Bg5 Rxe6 32. Rxe6 Bxe6 33. Bxe7 a5 34. a3 Kg6 35. Kf2 Kf5 1/2-1/2